| 000 | 00677aam a2200241 4500 | ||
|---|---|---|---|
| 005 | 20231110194743.0 | ||
| 008 | 150902b xxu||||| |||| 00| 0 spa d | ||
| 041 | _aES | ||
| 082 |
_a658.15 _bO77g |
||
| 100 |
_aOrtiz Gómez, Alberto _99463 |
||
| 245 | _aGerencia financiera un enfoque estratégico | ||
| 260 | _aColombia | ||
| 260 | _bMcGraw-Hill | ||
| 260 | _c1994 | ||
| 300 | _a430 páginas | ||
| 650 |
_aADMINISTRACION FINANCIERA _927 |
||
| 650 |
_aGERENCIA FINANCIERA _99464 |
||
| 650 | 0 |
_aINFLACIÓN _9192 |
|
| 650 |
_aPLANEACION ESTRATEGICA FINANCIERA _99465 |
||
| 650 |
_aDIAGNOSTICO FINANCIERO _99466 |
||
| 650 |
_aPOLITICA DE FINANCIAMIENTO _99467 |
||
| 942 | _cBK | ||
| 999 |
_c762 _d762 |
||